000 00354nam a2200109Ia 4500
008 160531s9999 xx 000 0 und d
100 _aSingh, Bharat Raj.
245 _aGlobal Warming: Causes, Impacts and Remedies
245 _cby Bharat Raj Singh
260 _c2015
856 _uhttp://www.intechopen.com/books/global-warming-causes-impacts-and-remedies
999 _c295082
_d295082